Villes d'Occitanie en images - Statistiques

Statistiques générales
  • Ce quiz a été pris 141 fois
    47 depuis la dernière actualisation
  • Le résultat moyen est 16 sur 24
Statistiques - réponses
Par images Hint Réponse % Correct
T Toulouse
100%
C Carcassonne
97%
N Nîmes
97%
M Montpellier
92%
L Lourdes
89%
M Millau
89%
P Perpignan
87%
N Narbonne
84%
A Albi
82%
B Béziers
79%
M Montauban
74%
S Sète
71%
R Rodez
68%
A Agde
63%
R Rocamadour
61%
C Cahors
55%
F Foix
55%
A Argelès-sur-Mer
53%
A Auch
53%
C Castres
47%
M Mende
37%
G Gaillac
26%
C Castelnaudary
24%
M Moissac
21%
Aucun quiz correspondant
Distribution des résultats
% des personnes avec chaque résultat
Percentile par nombre de réponses
Votre historique - résultats
Vous n’avez pas pris ce quiz depuis la dernière actualisation